000 00891nam a2200229Ii 4500
003 JO-AjNU
008 230605s9999||||xx |||||||||||||| ||und||
017 _a1997/7/1025
020 _a978-9957-11-449-7
040 _aJO-AjNU
_bara
_erda
_cJO-AjNU
041 _aara
050 1 4 _aTS161.A74 2019
100 3 _aتاليف عقيلي، عمر وصفي ، م مشارك منعم زمزير الموسوي، م.مشارك قحطان العبدلي ,
_eauthor
_962221
245 0 0 _aادارة المواد: الشراء والتخزين من منظور كمي
250 _aاعادة الطبعة السابعة
264 3 1 _aعمان: دار وائل للنشر والتوزيع، 2019
300 _a416ص
336 _atext
_btxt
_2rdacontent
337 _aunmediated
_bn
_2rdamedia
338 _avolume
_bnc
_2rdacarrier
650 4 _aادارة الاعمال-الاقتصاد
_962222
999 _aA28165
_c31733
_d31733